000
00276nam a22001097a 4500
008
140207t xxu||||| |||| 00| 0 eng d
100
_a
James Q. Wilson
_9
669
245
_a
American Government
250
_a
Fifth Ed.
300
_a
xv, 665, 84 p. :
_b
ill. ;
_c
27 cm.
942
_2
ddc
_c
BK
999
_c
16928
_d
16928